[Event "Warsaw Maciei Memorial"]
[Site "Warsaw"]
[Date "2022.07.08"]
[Round "9"]
[White "Kanarek, Marcel"]
[Black "Kubiak, Jakub"]
[Result "1-0"]
[WhiteElo "2488"]
[BlackElo "1928"]
[PlyCount "103"]
[EventDate "2022.07.08"]
[EventType "swiss (blitz)"]
[EventRounds "11"]
[EventCountry "POL"]
[SourceTitle "CBM 209 Extra"]
[Source "ChessBase"]
[SourceDate "2022.09.30"]
[SourceVersion "1"]
[SourceVersionDate "2022.09.30"]
[SourceQuality "1"]

1. e4 c5 2. Nf3 e6 3. d4 cxd4 4. Nxd4 Nf6 5. Nc3 Nc6 6. Ndb5 Bb4 7. a3 Bxc3+ 8. Nxc3 d5 9. exd5 exd5 10. Bd3 0-0 11. 0-0 d4 12. Ne2 Bg4 13. Bg5 Bxe2 14. Qxe2 Re8 15. Qf3 Qd5 16. Bxf6 Qxf3 17. gxf3 gxf6 18. f4 Re7 19. Kg2 Rae8 20. Kf3 a6 21. Rg1+ Kh8 22. Rg3 Re1 23. Rxe1 Rxe1 24. Rh3 Rb1 25. b3 b5 26. Rxh7+ Kg8 27. Rh5 Ra1 28. Rc5 Ne7 29. Rc7 Kf8 30. Rd7 Rxa3 31. Rxd4 Nc6 32. Rd6 Nb4 33. Bf5 a5 34. h4 a4 35. h5 Kg7 36. Rd1 axb3 37. cxb3 Rxb3+ 38. Ke4 Na2 39. Rg1+ Kh6 40. Rg8 Rb4+ 41. Ke3 Rb3+ 42. Kd2 Rb2+ 43. Ke3 Nc3 44. Rh8+ Kg7 45. Rh7+ Kg8 46. h6 Nd5+ 47. Ke4 Nc3+ 48. Kd3 Nd5 49. Rg7+ Kf8 50. Rg1 Rxf2 51. h7 Rh2 52. Rg8+ 1-0

[Event "Warsaw Maciei Memorial"]
[Site "Warsaw"]
[Date "2022.07.08"]
[Round "7"]
[White "Kubiak, Jakub"]
[Black "Adamski, Jan"]
[Result "1-0"]
[WhiteElo "1928"]
[BlackElo "2136"]
[PlyCount "50"]
[EventDate "2022.07.08"]
[EventType "swiss (blitz)"]
[EventRounds "11"]
[EventCountry "POL"]
[SourceTitle "CBM 209 Extra"]
[Source "ChessBase"]
[SourceDate "2022.09.30"]
[SourceVersion "1"]
[SourceVersionDate "2022.09.30"]
[SourceQuality "1"]

1. d4 Nf6 2. Bg5 e6 3. e4 h6 4. Bxf6 Qxf6 5. c3 d6 6. Bc4 e5 7. Ne2 Nd7 8. 0-0 Nb6 9. Bb3 c5 10. f4 exd4 11. cxd4 cxd4 12. e5 Qd8 13. Qxd4 Be7 14. exd6 Qxd6 15. Qxg7 Qf6 16. Qg3 Bf5 17. Nbc3 Kf8 18. Rad1 Rg8 19. Qf3 Rb8 20. Ng3 Kg7 21. Nxf5+ Qxf5 22. Nd5 Nxd5 23. Rxd5 Qf6 24. Kh1 Kh8 25. Qh3 Rbd8 1-0

[Event "Warsaw Maciei Memorial"]
[Site "Warsaw"]
[Date "2021.07.09"]
[Round "6"]
[White "Budrewicz, Krzysztof"]
[Black "Kubiak, Jakub"]
[Result "0-1"]
[WhiteElo "2279"]
[BlackElo "1871"]
[PlyCount "62"]
[EventDate "2021.07.09"]
[EventType "swiss (blitz)"]
[EventRounds "11"]
[EventCountry "POL"]
[SourceTitle "CBM 203 Extra"]
[Source "ChessBase"]
[SourceDate "2021.09.30"]
[SourceVersion "1"]
[SourceVersionDate "2021.09.30"]
[SourceQuality "1"]

1. d4 Nf6 2. c4 g6 3. Nc3 Bg7 4. e4 d6 5. Nf3 0-0 6. Be2 e5 7. Be3 exd4 8. Nxd4 Re8 9. f3 c6 10. Bf2 d5 11. exd5 cxd5 12. 0-0 Nc6 13. c5 Bf8 14. Kh1 Bd7 15. a3 a5 16. Rc1 Rc8 17. Ndb5 d4 18. Nxd4 Bxc5 19. Nxc6 Rxc6 20. Bxc5 Rxc5 21. Bd3 Qc7 22. Qd2 Rd8 23. Rcd1 Rh5 24. g3 Qxg3 25. Qg2 Qxg2+ 26. Kxg2 Bh3+ 27. Kf2 Bxf1 28. Bxf1 Rxd1 29. Nxd1 Rxh2+ 30. Ke3 Nd5+ 31. Ke4 Rd2 0-1

[Event "Warsaw Maciei Memorial"]
[Site "Warsaw"]
[Date "2021.07.09"]
[Round "4"]
[White "Smolka, Marcin"]
[Black "Kubiak, Jakub"]
[Result "1-0"]
[WhiteElo "2189"]
[BlackElo "1871"]
[PlyCount "97"]
[EventDate "2021.07.09"]
[EventType "swiss (blitz)"]
[EventRounds "11"]
[EventCountry "POL"]
[SourceTitle "CBM 203 Extra"]
[Source "ChessBase"]
[SourceDate "2021.09.30"]
[SourceVersion "1"]
[SourceVersionDate "2021.09.30"]
[SourceQuality "1"]

1. e4 c5 2. c4 Nc6 3. Ne2 Nf6 4. Nbc3 e5 5. d3 d6 6. g3 Be7 7. Bg2 0-0 8. 0-0 Nd4 9. Nxd4 cxd4 10. Ne2 Nd7 11. b4 a5 12. b5 Nc5 13. f4 b6 14. f5 Bg5 15. Bd2 Bd7 16. h4 Bxd2 17. Qxd2 f6 18. g4 Be8 19. Ng3 Kh8 20. Kf2 h6 21. Rh1 Kg8 22. Bf3 Ra7 23. Rag1 Na4 24. Ne2 Nc5 25. g5 fxg5 26. hxg5 hxg5 27. Nc1 Qf6 28. Rxg5 Bf7 29. Rhg1 Be8 30. Kf1 Rc7 31. Qh2 Rff7 32. Rh1 Kf8 33. Qh8+ Ke7 34. Rg6 Rf8 35. Rxf6 Rxh8 36. Rxh8 gxf6 37. Ne2 Nxd3 38. Ng3 Rxc4 39. Nh5 Nf4 40. Rh7+ Kd8 41. Nxf6 d3 42. Rh8 Rc1+ 43. Kf2 d2 44. Rxe8+ Kc7 45. Nd5+ Nxd5 46. exd5 d1Q 47. Bxd1 Rxd1 48. f6 Kd7 49. f7 1-0

[Event "POL-ch U16"]
[Site "Szklarska Poreba"]
[Date "2016.03.20"]
[Round "9"]
[White "Wyczling, Bartosz"]
[Black "Kubiak, Jakub"]
[Result "1/2-1/2"]
[WhiteElo "1959"]
[BlackElo "1911"]
[PlyCount "166"]
[EventDate "2016.03.13"]
[EventType "swiss"]
[EventRounds "9"]
[EventCountry "POL"]
[SourceTitle "EXT 2018"]
[Source "ChessBase"]
[SourceDate "2017.10.13"]
[SourceVersion "1"]
[SourceVersionDate "2017.10.13"]
[SourceQuality "1"]

1. d4 Nf6 2. c4 g6 3. Nc3 Bg7 4. e4 0-0 5. Nge2 c6 6. Ng3 d5 7. e5 Nfd7 8. Be3 dxc4 9. Bxc4 Nb6 10. Bb3 Nd5 11. Bxd5 cxd5 12. Qb3 Nc6 13. h4 b6 14. Nge2 Na5 15. Qxd5 Bb7 16. Qxd8 Rfxd8 17. 0-0 Rac8 18. b3 Nc6 19. Rac1 Nb4 20. Rfd1 Ba6 21. a3 Nd3 22. Rb1 f6 23. b4 Bc4 24. e6 f5 25. Rd2 f4 26. Nxf4 Nxf4 27. Bxf4 Bxd4 28. Rbd1 Bxe6 29. Nb5 Bg4 30. Re1 Bf6 31. Rxd8+ Rxd8 32. Bg5 Bd7 33. Rd1 Bxg5 34. hxg5 Kf7 35. Nxa7 Ke8 36. Rc1 Ra8 37. Nc6 Rxa3 38. Ne5 Rb3 39. Rc7 Rb1+ 40. Kh2 Bf5 41. Rb7 Kf8 42. Rxb6 Rb2 43. Kg3 Rb3+ 44. f3 Rb2 45. Rb8+ Kg7 46. Rb7 Kf8 47. Nc6 Re2 48. Nd4 Rb2 49. Nxf5 gxf5 50. b5 Rb4 51. Rb6 Kf7 52. Kh3 Kg7 53. g3 Kf7 54. f4 Kg7 55. Re6 Kf7 56. Re5 e6 57. Rc5 Kg6 58. Rc6 Kf7 59. b6 Rb3 60. Rc7+ Kg6 61. b7 h6 62. gxh6 Kxh6 63. Re7 Kg6 64. Rxe6+ Kf7 65. Rh6 Kg7 66. Rc6 Rxb7 67. Kh4 Rb3 68. Rc7+ Kf6 69. Rc6+ Kg7 70. Ra6 Kf7 71. Kg5 Rxg3+ 72. Kxf5 Rb3 73. Ra7+ Kf8 74. Kg5 Rb5+ 75. f5 Rb6 76. Rh7 Kg8 77. Rd7 Kf8 78. Rd5 Kf7 79. Rd7+ Kf8 80. Ra7 Kg8 81. Ra5 Kf7 82. f6 Rb1 83. Ra7+ Kf8 1/2-1/2

[Event "POL-ch U16"]
[Site "Szklarska Poreba"]
[Date "2016.03.18"]
[Round "7"]
[White "Holownia, Michal"]
[Black "Kubiak, Jakub"]
[Result "1/2-1/2"]
[WhiteElo "2006"]
[BlackElo "1911"]
[PlyCount "81"]
[EventDate "2016.03.13"]
[EventType "swiss"]
[EventRounds "9"]
[EventCountry "POL"]
[SourceTitle "EXT 2018"]
[Source "ChessBase"]
[SourceDate "2017.10.13"]
[SourceVersion "1"]
[SourceVersionDate "2017.10.13"]
[SourceQuality "1"]

1. e4 c5 2. Nf3 d6 3. d4 cxd4 4. Nxd4 Nf6 5. Nc3 a6 6. Be3 e5 7. Nf3 Be7 8. Bc4 0-0 9. 0-0 Be6 10. Bb3 Bxb3 11. axb3 Nbd7 12. Qd3 Qc7 13. Rfd1 Rfd8 14. Qe2 Rac8 15. Rac1 h6 16. Nh4 Qc6 17. Nf5 Bf8 18. Qf3 b5 19. g4 b4 20. Nd5 Nxd5 21. exd5 Qb7 22. h4 Re8 23. Kh1 e4 24. Qf4 Nf6 25. Nxh6+ gxh6 26. Qxf6 Bg7 27. Qxd6 Red8 28. Qb6 Qe7 29. g5 Qd7 30. gxh6 Qh3+ 31. Kg1 Qg4+ 32. Kf1 Qh3+ 33. Ke2 Qf3+ 34. Kf1 Qh1+ 35. Ke2 Qf3+ 36. Kf1 Qh1+ 37. Ke2 Qf3+ 38. Kf1 Qh1+ 39. Ke2 Qf3+ 40. Kf1 Qh1+ 41. Ke2 1/2-1/2

[Event "POL-ch U16"]
[Site "Szklarska Poreba"]
[Date "2016.03.16"]
[Round "5"]
[White "Kubiak, Jakub"]
[Black "Grela, Kacper"]
[Result "0-1"]
[WhiteElo "1911"]
[BlackElo "2296"]
[PlyCount "132"]
[EventDate "2016.03.13"]
[EventType "swiss"]
[EventRounds "9"]
[EventCountry "POL"]
[SourceTitle "EXT 2018"]
[Source "ChessBase"]
[SourceDate "2017.10.13"]
[SourceVersion "1"]
[SourceVersionDate "2017.10.13"]
[SourceQuality "1"]

1. e4 c5 2. Nf3 Nc6 3. d4 cxd4 4. Nxd4 Qb6 5. Nb3 Nf6 6. Nc3 e6 7. Bd3 d6 8. Be3 Qc7 9. f4 a6 10. g4 b5 11. g5 Nd7 12. Qd2 Bb7 13. 0-0-0 Nc5 14. Kb1 0-0-0 15. Qf2 Nb4 16. Rhe1 Kb8 17. Bd4 Nc6 18. Nxc5 dxc5 19. Bxc5 Bxc5 20. Qxc5 Qxf4 21. Rf1 Qc7 22. Ne2 Ne5 23. Qxc7+ Kxc7 24. Ng1 Rd7 25. Nf3 Nxf3 26. Rxf3 Bxe4 27. Re3 Bxd3 28. cxd3 h6 29. g6 Kd6 30. gxf7 Rxf7 31. Rde1 Rf6 32. R1e2 Rc8 33. b3 g5 34. Kb2 Rc5 35. Kb1 Rcf5 36. Kc2 h5 37. Kc3 Kd5 38. Re4 e5 39. a4 Rc6+ 40. Kd2 Rb6 41. axb5 Rxb5 42. Kc3 Rc5+ 43. Kd2 g4 44. Ra4 a5 45. b4 axb4 46. Rxb4 Ra5 47. Rbe4 Ra2+ 48. Kc3 Rxe2 49. Rxe2 Rf3 50. Kd2 Rf4 51. Ke3 Ke6 52. Rg2 Kf5 53. Rg3 h4 54. Rg1 Rf3+ 55. Ke2 Kf4 56. Rg2 Re3+ 57. Kd2 Kf3 58. Rxg4 Re2+ 59. Kd1 Kxg4 60. Kxe2 Kh3 61. Kf2 Kxh2 62. Kf3 Kh3 63. Kf2 Kg4 64. Kg2 Kf4 65. Kh3 Ke3 66. Kxh4 Kxd3 0-1

[Event "POL-ch U16"]
[Site "Szklarska Poreba"]
[Date "2016.03.16"]
[Round "4"]
[White "Tamon, Radoslaw"]
[Black "Kubiak, Jakub"]
[Result "0-1"]
[WhiteElo "1925"]
[BlackElo "1911"]
[PlyCount "48"]
[EventDate "2016.03.13"]
[EventType "swiss"]
[EventRounds "9"]
[EventCountry "POL"]
[SourceTitle "EXT 2018"]
[Source "ChessBase"]
[SourceDate "2017.10.13"]
[SourceVersion "1"]
[SourceVersionDate "2017.10.13"]
[SourceQuality "1"]

1. e4 c5 2. Nf3 d6 3. d4 cxd4 4. Nxd4 Nf6 5. Nc3 a6 6. Be3 e5 7. Nb3 Be7 8. f3 Be6 9. Qd2 0-0 10. 0-0-0 a5 11. a4 Nc6 12. g4 Nb4 13. Kb1 Rc8 14. Bb5 d5 15. g5 Ne8 16. exd5 Bf5 17. Rc1 Nd6 18. Be2 b6 19. Rhd1 Qd7 20. f4 Rxc3 21. bxc3 Qxa4 22. cxb4 Qxb3+ 23. Ka1 Qa3+ 24. Kb1 axb4 0-1

[Event "POL-ch U14"]
[Site "Suwalki"]
[Date "2015.04.12"]
[Round "7"]
[White "Kubiak, Jakub"]
[Black "Pacan Milej, Kosma"]
[Result "1-0"]
[WhiteElo "1753"]
[BlackElo "1842"]
[PlyCount "53"]
[EventDate "2015.04.08"]
[EventType "swiss"]
[EventRounds "9"]
[EventCountry "POL"]
[SourceTitle "EXT 2017"]
[Source "ChessBase"]
[SourceDate "2016.10.25"]
[SourceVersion "1"]
[SourceVersionDate "2016.10.25"]
[SourceQuality "1"]

1. e4 e6 2. d4 d5 3. Nd2 c5 4. Ngf3 Nc6 5. Bb5 cxd4 6. Nxd4 Bd7 7. Nxc6 bxc6 8. Bd3 Bd6 9. Qe2 e5 10. 0-0 Ne7 11. f4 exf4 12. exd5 cxd5 13. Nb3 Qc7 14. Qf3 g5 15. Bd2 g4 16. Qf2 f3 17. Qh4 fxg2 18. Kxg2 Be5 19. Rae1 h5 20. Bb4 Nc6 21. Bc3 Rh6 22. Qg5 Re6 23. Qg8+ Ke7 24. Rxf7+ Kd6 25. Qxa8 Re8 26. Bxe5+ Nxe5 27. Qxe8 1-0

[Event "POL-ch U14"]
[Site "Suwalki"]
[Date "2015.04.11"]
[Round "6"]
[White "Ulatowski, Jakub"]
[Black "Kubiak, Jakub"]
[Result "0-1"]
[WhiteElo "1511"]
[BlackElo "1753"]
[PlyCount "78"]
[EventDate "2015.04.08"]
[EventType "swiss"]
[EventRounds "9"]
[EventCountry "POL"]
[SourceTitle "EXT 2017"]
[Source "ChessBase"]
[SourceDate "2016.10.25"]
[SourceVersion "1"]
[SourceVersionDate "2016.10.25"]
[SourceQuality "1"]

1. e4 c5 2. Nf3 d6 3. d4 cxd4 4. Nxd4 Nf6 5. Nc3 a6 6. Be3 e5 7. Nb3 Be7 8. f3 Be6 9. Qd2 0-0 10. 0-0-0 a5 11. Bb5 Na6 12. Qf2 Qb8 13. Ba4 Rc8 14. Bb6 Nc7 15. Kb1 d5 16. exd5 Ncxd5 17. Nxd5 Nxd5 18. Rxd5 Bxd5 19. Bd7 a4 20. Na5 Rc7 21. Bxa4 Bb4 22. Bb3 Rd7 23. Nc4 Bxc4 24. Bxc4 Rd2 25. Qf1 Qe8 26. Bd3 Qe6 27. a3 Qxb6 28. axb4 Qxb4 29. Qe1 Qa5 30. Kc1 Rxg2 31. Qxa5 Rxa5 32. Kb1 g6 33. b3 f5 34. h4 Rf2 35. Rf1 Rxf1+ 36. Bxf1 Kg7 37. Kb2 Kh6 38. b4 Ra8 39. c4 Kh5 0-1

[Event "POL-ch U14"]
[Site "Suwalki"]
[Date "2015.04.09"]
[Round "2"]
[White "Kubiak, Jakub"]
[Black "Sernecki, Franciszek"]
[Result "1/2-1/2"]
[WhiteElo "1753"]
[BlackElo "1998"]
[PlyCount "73"]
[EventDate "2015.04.08"]
[EventType "swiss"]
[EventRounds "9"]
[EventCountry "POL"]
[SourceTitle "EXT 2017"]
[Source "ChessBase"]
[SourceDate "2016.10.25"]
[SourceVersion "1"]
[SourceVersionDate "2016.10.25"]
[SourceQuality "1"]

1. e4 d6 2. d4 Nf6 3. Nc3 c6 4. f3 Nbd7 5. Be3 e5 6. Qd2 Be7 7. Nge2 0-0 8. g4 b5 9. Ng3 Nb6 10. g5 Nfd7 11. f4 b4 12. Nd1 c5 13. d5 Re8 14. f5 Bf8 15. h4 a5 16. f6 a4 17. h5 Ra7 18. Nf5 Nb8 19. fxg7 Bxg7 20. Qg2 Bxf5 21. exf5 e4 22. h6 Bd4 23. c3 bxc3 24. bxc3 Bxe3 25. Nxe3 N8d7 26. Bb5 Ne5 27. Qxe4 Nf3+ 28. Qxf3 Rxe3+ 29. Qxe3 Re7 30. Qxe7 Qxe7+ 31. Kf2 Qe4 32. f6 Qf4+ 33. Ke2 Qe4+ 34. Kf2 Qf4+ 35. Ke2 Qe4+ 36. Kf2 Qf4+ 37. Ke2 1/2-1/2

[Event "POL Olympiad U14"]
[Site "Spala"]
[Date "2014.12.30"]
[Round "8.19"]
[White "Kubiak, Jakub"]
[Black "Laszczak, Przemyslaw"]
[Result "1/2-1/2"]
[WhiteElo "1646"]
[BlackElo "1625"]
[PlyCount "93"]
[EventDate "2014.04.06"]
[EventType "swiss"]
[EventRounds "9"]
[EventCountry "POL"]
[SourceTitle "EXT 2023"]
[Source "ChessBase"]
[SourceDate "2022.10.05"]
[SourceVersion "1"]
[SourceVersionDate "2022.10.05"]
[SourceQuality "1"]

1. e4 c6 2. d4 d5 3. exd5 cxd5 4. Bf4 Nc6 5. c3 Nf6 6. Bd3 g6 7. Nf3 Bg4 8. Nbd2 Bg7 9. 0-0 0-0 10. h3 Bf5 11. Bxf5 gxf5 12. Ne5 Ne4 13. Nxe4 fxe4 14. Qg4 Kh8 15. Qh5 Nxe5 16. Bxe5 Bxe5 17. Qxe5+ f6 18. Qe6 Rg8 19. Rae1 Rc8 20. Re3 Rc6 21. Qf5 Rg5 22. Qf4 Qg8 23. g3 Rh5 24. g4 Rg5 25. Rg3 e5 26. Qe3 b6 27. Kh2 Rc7 28. f4 exf4 29. Rxf4 Rc6 30. Qf2 Rg6 31. h4 h6 32. h5 Rg5 33. Rxf6 Rxf6 34. Qxf6+ Qg7 35. Qxg7+ Rxg7 36. Kg2 Rf7 37. Re3 b5 38. b3 Rc7 39. Kg3 Kg7 40. Kf4 Kf6 41. Rg3 Ke6 42. g5 Rf7+ 43. Kg4 hxg5 44. Kxg5 Rh7 45. Kg6 Rh8 46. Re3 Rg8+ 47. Kh7 1/2-1/2

[Event "Kochan Memorial op 24th"]
[Site "Koszalin"]
[Date "2013.08.10"]
[Round "1"]
[White "Kubiak, Jakub"]
[Black "Voloshin, Leonid"]
[Result "0-1"]
[WhiteElo "1531"]
[BlackElo "2420"]
[PlyCount "98"]
[EventDate "2013.08.10"]
[EventType "swiss"]
[EventRounds "9"]
[EventCountry "POL"]
[SourceTitle "CBM 155 Extra"]
[Source "ChessBase"]
[SourceDate "2013.08.26"]
[SourceVersion "1"]
[SourceVersionDate "2013.08.26"]
[SourceQuality "1"]

1. e4 c5 2. Nf3 e6 3. Nc3 a6 4. d4 cxd4 5. Nxd4 b5 6. a3 Bb7 7. f3 Qc7 8. Be3 Nf6 9. Be2 Be7 10. 0-0 0-0 11. Qd2 d6 12. Rfd1 Nc6 13. Nxc6 Bxc6 14. Bd3 Rfe8 15. Qf2 e5 16. Rd2 Qb7 17. Rad1 a5 18. Nd5 Bxd5 19. exd5 g6 20. Qe2 Rab8 21. c4 e4 22. fxe4 bxc4 23. Bb1 Bd8 24. Qxc4 Bb6 25. Bxb6 Qxb6+ 26. Kh1 Ng4 27. Qe2 Ne5 28. Qf2 Nc4 29. Rf1 Qxf2 30. Rdxf2 Rxb2 31. Rxb2 Nxb2 32. h3 Na4 33. Bc2 Nc3 34. Rf4 Kg7 35. h4 h6 36. Rg4 Ne2 37. h5 g5 38. Bd3 Nf4 39. Bc2 Nxh5 40. Kg1 Nf4 41. Kf2 Rc8 42. Bd1 Rc3 43. Rg3 Rxg3 44. Kxg3 Kf6 45. Kf3 Ke5 46. g3 Nd3 47. Ke3 Nc5 48. Bc2 h5 49. Bb1 h4 0-1

[Event "Guzinsky Memorial-B 6th"]
[Site "Lazy"]
[Date "2013.05.04"]
[Round "8"]
[White "Trembowiecka Wysota, Aleksandra"]
[Black "Kubiak, Jakub"]
[Result "0-1"]
[WhiteElo "1367"]
[BlackElo "1492"]
[PlyCount "94"]
[EventDate "2013.04.28"]
[EventType "swiss"]
[EventRounds "9"]
[EventCountry "POL"]
[SourceTitle "EXT 2015"]
[Source "ChessBase"]
[SourceDate "2014.11.20"]
[SourceVersion "1"]
[SourceVersionDate "2014.11.20"]
[SourceQuality "1"]

1. e4 c5 2. Nf3 d6 3. d4 cxd4 4. Nxd4 Nf6 5. Nc3 a6 6. Bc4 e6 7. Bb3 b5 8. 0-0 Be7 9. a3 Qc7 10. f4 Nc6 11. Nxc6 Qxc6 12. Qe2 0-0 13. f5 Rb8 14. fxe6 Bxe6 15. Nd5 Bd8 16. Nxf6+ Bxf6 17. Bxe6 fxe6 18. Qg4 Bd4+ 19. Be3 Bxe3+ 20. Kh1 Qc4 21. Rfe1 Bh6 22. b3 Qc8 23. Rad1 e5 24. Qxc8 Rbxc8 25. Rxd6 Rxc2 26. Rxa6 Rb2 27. Re6 Bd2 28. Rd1 Bc3 29. b4 Rbf2 30. h3 Rf1+ 31. Rxf1 Rxf1+ 32. Kh2 Ra1 33. Rb6 Rxa3 34. Rxb5 Rb3 35. Rb8+ Kf7 36. Rb7+ Kg6 37. b5 Rb4 38. Rc7 Bb2 39. Rc6+ Kh5 40. b6 Rxe4 41. Rc7 Kh6 42. Rc6+ g6 43. b7 Rb4 44. Rc7 e4 45. Re7 Bf6 46. Rf7 Be5+ 47. Kg1 e3 0-1

[Event "Guzinsky Memorial-B 6th"]
[Site "Lazy"]
[Date "2013.05.03"]
[Round "7"]
[White "Lebiedowicz, Borys"]
[Black "Kubiak, Jakub"]
[Result "1-0"]
[WhiteElo "1729"]
[BlackElo "1492"]
[PlyCount "93"]
[EventDate "2013.04.28"]
[EventType "swiss"]
[EventRounds "9"]
[EventCountry "POL"]
[SourceTitle "EXT 2015"]
[Source "ChessBase"]
[SourceDate "2014.11.20"]
[SourceVersion "1"]
[SourceVersionDate "2014.11.20"]
[SourceQuality "1"]

1. e4 c5 2. Nf3 d6 3. d4 cxd4 4. Qxd4 Nc6 5. Bb5 Bd7 6. Bxc6 bxc6 7. c4 e5 8. Qd3 Nf6 9. 0-0 h6 10. b3 Be6 11. Nc3 Be7 12. Bb2 0-0 13. Rfd1 Qb6 14. Qc2 Rfd8 15. Ba3 Qc7 16. Rd2 Rac8 17. Rad1 Bf8 18. Bb2 Rd7 19. Ne2 Bg4 20. Qd3 Rcd8 21. h3 Bh5 22. Ng3 Bg6 23. Qe3 Be7 24. Rd3 Nh5 25. Nxh5 Bxh5 26. g4 Bg6 27. c5 f6 28. cxd6 Rxd6 29. Nh4 Bh7 30. Nf5 Bxf5 31. gxf5 Rxd3 32. Rxd3 Rxd3 33. Qxd3 Qd6 34. Qxd6 Bxd6 35. Kf1 g6 36. fxg6 Kg7 37. Ke2 Kxg6 38. Bc1 h5 39. f3 f5 40. a4 fxe4 41. fxe4 Bb4 42. Kd3 a5 43. Bd2 c5 44. Bxb4 cxb4 45. h4 Kf6 46. Kc4 Ke6 47. Kc5 1-0

[Event "Guzinsky Memorial-B 6th"]
[Site "Lazy"]
[Date "2013.05.02"]
[Round "6"]
[White "Kubiak, Jakub"]
[Black "Darowicki, Mariusz"]
[Result "1/2-1/2"]
[WhiteElo "1492"]
[BlackElo "1874"]
[PlyCount "67"]
[EventDate "2013.04.28"]
[EventType "swiss"]
[EventRounds "9"]
[EventCountry "POL"]
[SourceTitle "EXT 2015"]
[Source "ChessBase"]
[SourceDate "2014.11.20"]
[SourceVersion "1"]
[SourceVersionDate "2014.11.20"]
[SourceQuality "1"]

1. e4 e6 2. d4 d5 3. Nc3 Bb4 4. e5 c5 5. Nf3 Nc6 6. a3 Bxc3+ 7. bxc3 Qa5 8. Bd2 c4 9. g3 Nge7 10. Nh4 Bd7 11. f4 0-0-0 12. Bh3 h6 13. 0-0 g6 14. Qc1 Rdg8 15. Nf3 Be8 16. Qb2 g5 17. fxg5 hxg5 18. Bg4 Rg6 19. Bxg5 Rhg8 20. Bxe7 Nxe7 21. Bh3 Rh6 22. Bg2 Nf5 23. Rae1 Rgh8 24. g4 Nh4 25. Nxh4 Rxh4 26. h3 R4h7 27. Rf6 Rg7 28. Ref1 Qa4 29. Qb4 Qxb4 30. cxb4 Kd7 31. Kf2 Ke7 32. Ke3 Ba4 33. R1f2 Rgh7 34. c3 1/2-1/2

[Event "Guzinsky Memorial-B 6th"]
[Site "Lazy"]
[Date "2013.05.01"]
[Round "5"]
[White "Kubiak, Jakub"]
[Black "Sowinski, Ryszard"]
[Result "1-0"]
[WhiteElo "1492"]
[BlackElo "1558"]
[PlyCount "55"]
[EventDate "2013.04.28"]
[EventType "swiss"]
[EventRounds "9"]
[EventCountry "POL"]
[SourceTitle "EXT 2015"]
[Source "ChessBase"]
[SourceDate "2014.11.20"]
[SourceVersion "1"]
[SourceVersionDate "2014.11.20"]
[SourceQuality "1"]

1. e4 c5 2. Nf3 e6 3. d4 cxd4 4. Nxd4 Nc6 5. Nc3 a6 6. Be3 Nf6 7. Bd3 Qc7 8. 0-0 Bd6 9. Nxc6 dxc6 10. f4 e5 11. f5 Bd7 12. Na4 c5 13. Nc3 Bc6 14. Qf3 0-0-0 15. Bc4 Kb8 16. Rad1 b5 17. Bd5 h6 18. Bxc6 Qxc6 19. Nd5 Kb7 20. Nxf6 gxf6 21. Rd5 h5 22. Rfd1 Kc7 23. Qf2 Qe8 24. Bxc5 Qe7 25. Bxd6+ Rxd6 26. Rxd6 Qxd6 27. Qa7+ Kc6 28. Qxa6+ 1-0

[Event "Guzinsky Memorial-B 6th"]
[Site "Lazy"]
[Date "2013.??.??"]
[Round "3"]
[White "Krzywnicka, Maria"]
[Black "Kubiak, Jakub"]
[Result "0-1"]
[WhiteElo "1320"]
[BlackElo "1492"]
[PlyCount "50"]
[EventDate "2013.04.28"]
[EventType "swiss"]
[EventRounds "9"]
[EventCountry "POL"]
[SourceTitle "EXT 2015"]
[Source "ChessBase"]
[SourceDate "2014.11.20"]
[SourceVersion "1"]
[SourceVersionDate "2014.11.20"]
[SourceQuality "1"]

1. e4 c5 2. Nc3 d6 3. g3 Nc6 4. Bg2 g6 5. d3 Bg7 6. f4 e5 7. Nf3 Nge7 8. 0-0 0-0 9. Ne2 f5 10. c3 Qb6 11. Kh1 Bd7 12. Rb1 a5 13. h3 Qc7 14. Nh2 Rad8 15. Be3 Qc8 16. h4 fxe4 17. dxe4 Be6 18. a3 b6 19. Qc1 Bc4 20. Bf3 d5 21. Bg4 Qa6 22. exd5 Bxd5+ 23. Kg1 h5 24. b4 Qc4 25. fxe5 hxg4 0-1

[Event "POL Olympiad U14"]
[Site "Walbrzych"]
[Date "2013.??.??"]
[Round "3.7"]
[White "Kubiak, Jakub"]
[Black "Garbowski, Jakub"]
[Result "0-1"]
[WhiteElo "1492"]
[BlackElo "1687"]
[PlyCount "82"]
[EventDate "2013.04.??"]
[EventType "team-swiss"]
[EventRounds "9"]
[EventCountry "POL"]
[SourceTitle "EXT 2014"]
[Source "ChessBase"]
[SourceDate "2013.11.20"]
[SourceVersion "1"]
[SourceVersionDate "2013.11.20"]
[SourceQuality "1"]

1. e4 e5 2. Nf3 Nc6 3. Bb5 a6 4. Ba4 Nf6 5. d3 b5 6. Bb3 Be7 7. 0-0 d6 8. c3 0-0 9. Re1 Re8 10. Nbd2 Na5 11. Bc2 Bf8 12. Nf1 g6 13. h3 Bg7 14. Ng3 h6 15. Be3 d5 16. d4 exd4 17. Bxd4 Bb7 18. exd5 Rxe1+ 19. Qxe1 Bxd5 20. Ne4 Nc4 21. b3 Nd6 22. Nxd6 Qxd6 23. Be5 Qc6 24. Nd4 Qb7 25. Qf1 Re8 26. f4 c5 27. Ne2 Nh5 28. Bxg7 Kxg7 29. f5 Bxg2 30. Qf2 Bf3 31. Bd1 Be4 32. fxg6 fxg6 33. Qxc5 Bh1 34. Qd4+ Kh7 35. Qg4 Bf3 36. Qd4 Bxe2 37. Bc2 Ng3 38. Qd6 Qh1+ 39. Kf2 Qf3+ 40. Ke1 Bd3+ 41. Kd2 Re2+ 0-1

[Event "POL Olympiad U14"]
[Site "Walbrzych"]
[Date "2013.??.??"]
[Round "2.8"]
[White "Szpar, Milosz"]
[Black "Kubiak, Jakub"]
[Result "1/2-1/2"]
[WhiteElo "1717"]
[BlackElo "1492"]
[PlyCount "101"]
[EventDate "2013.04.??"]
[EventType "team-swiss"]
[EventRounds "9"]
[EventCountry "POL"]
[SourceTitle "EXT 2014"]
[Source "ChessBase"]
[SourceDate "2013.11.20"]
[SourceVersion "1"]
[SourceVersionDate "2013.11.20"]
[SourceQuality "1"]

1. e4 c5 2. Nf3 d6 3. d4 cxd4 4. Nxd4 Nf6 5. Nc3 a6 6. Be3 e5 7. Nb3 Be6 8. f3 Be7 9. Qd2 0-0 10. 0-0-0 a5 11. Qf2 a4 12. Nd2 a3 13. b3 Qa5 14. Ndb1 Nbd7 15. Qd2 Rfc8 16. Nd5 Qxd2+ 17. Rxd2 Nxd5 18. exd5 Bf5 19. Bd3 Bxd3 20. Rxd3 b5 21. Re1 Bf6 22. Nc3 b4 23. Ne4 Be7 24. g4 Rf8 25. g5 f5 26. gxf6 Nxf6 27. Bd2 Rab8 28. Nxf6+ Rxf6 29. Re4 Rg6 30. Rg4 Rxg4 31. fxg4 Kf7 32. Rf3+ Kg6 33. Re3 Bg5 34. Re4 Rb5 35. Bxg5 Kxg5 36. Rc4 h5 37. gxh5 Kxh5 38. h3 g5 39. c3 bxc3 40. Rxc3 Rxd5 41. b4 Rb5 42. Rxa3 Rxb4 43. Rd3 Rb6 44. Kc2 g4 45. a4 Kh4 46. hxg4 Kxg4 47. Kc3 e4 48. Rd1 e3 49. Kd3 Ra6 50. Kxe3 Rxa4 51. Rxd6 1/2-1/2

[Event "Solina Mind Sports U14 op"]
[Site "Solina"]
[Date "2012.04.18"]
[Round "5"]
[White "Kubiak, Jakub"]
[Black "Garbowski, Jakub"]
[Result "0-1"]
[WhiteElo "1481"]
[BlackElo "1581"]
[PlyCount "68"]
[EventDate "2012.04.15"]
[EventType "swiss"]
[EventRounds "9"]
[EventCountry "POL"]
[SourceTitle "EXT 2014"]
[Source "ChessBase"]
[SourceDate "2013.11.20"]
[SourceVersion "1"]
[SourceVersionDate "2013.11.20"]
[SourceQuality "1"]

1. e4 e5 2. Nf3 Nc6 3. Bc4 Nf6 4. d3 Be7 5. c3 d6 6. h3 Be6 7. Bb5 a6 8. Ba4 b5 9. Bc2 0-0 10. 0-0 d5 11. exd5 Nxd5 12. Re1 Bf6 13. Nbd2 h6 14. Ne4 Bf5 15. Bb3 Nb6 16. Nxf6+ Qxf6 17. Re3 Rae8 18. Qe1 Re7 19. d4 Rfe8 20. dxe5 Nxe5 21. Nxe5 Rxe5 22. Rxe5 Rxe5 23. Be3 c5 24. f4 Re8 25. Qf2 Qg6 26. Kh2 Nd7 27. Bxc5 Nxc5 28. Qxc5 Re2 29. Rg1 Qh5 30. Kg3 Rd2 31. Qe5 Qg6+ 32. Kh2 Be4 33. Bd5 Rxg2+ 34. Kh1 Rxg1+ 0-1